| 000 | 00428nam a22001457a 4500 | ||
|---|---|---|---|
| 008 | 230309b |||||||| |||| 00| 0 eng d | ||
| 020 | _a978-1305972544 | ||
| 050 |
_aHF5387.5 _b.J46 2018 |
||
| 100 | _aJennings, Marianne Moody | ||
| 245 |
_aBusiness ethics : _bCase studies and selected readings/ _cMarianne Moody Jennings |
||
| 250 | _a9th ed. | ||
| 260 |
_aAustralia _bCengage _c2018 |
||
| 300 | _axx, 614p. | ||
| 942 |
_2lcc _cBK |
||
| 999 |
_c20041 _d20040 |
||